[Event "Ruhrgebiet Verbandsklasse Gruppe 3 1718"]
[Site "Germany"]
[Date "2018.02.25"]
[Round "7.4"]
[White "Kraus, Torsten"]
[Black "Elier, Ali"]
[Result "0-1"]
[WhiteElo "1756"]
[BlackElo "1982"]
[PlyCount "42"]
[EventDate "2017.09.17"]
[EventType "team-tourn"]
[EventRounds "9"]
[EventCountry "GER"]
[SourceTitle "EXT 2022"]
[Source "ChessBase"]
[SourceDate "2021.10.06"]
[SourceVersion "1"]
[SourceVersionDate "2021.10.06"]
[SourceQuality "1"]
[WhiteTeam "Winz Baak SG"]
[BlackTeam "Brackel SF III"]
[WhiteTeamCountry "GER"]
[BlackTeamCountry "GER"]

1. d4 g6 2. c4 Bg7 3. Nc3 c5 4. d5 Bxc3+ 5. bxc3 f5 6. e3 Nf6 7. Bd3 Qa5 8. Qc2 0-0 9. Ne2 e5 10. dxe6 dxe6 11. e4 fxe4 12. Bxe4 Nxe4 13. Qxe4 Nc6 14. h4 e5 15. g4 Nd4 16. Bd2 Nf3+ 17. Kd1 Bd7 18. Qd5+ Kh8 19. Qxb7 Rad8 20. h5 Bc6 21. Qxc6 Rxd2+ 0-1